| 000 | 00363pab a2200145 454500 | ||
|---|---|---|---|
| 008 | 180718b2000 xxu||||| |||| 00| 0 eng d | ||
| 100 | _aSardana, C.K. | ||
| 245 | _aChallenges before corporate communicators in the public sector | ||
| 260 | _c2000 | ||
| 300 | _ap.16-17 | ||
| 362 | _aOct | ||
| 650 | _aPublic sector | ||
| 773 | _aKaleido Scope | ||
| 909 | _a46607 | ||
| 999 |
_c46607 _d46607 |
||